000 00474cam a2200145 4500
008 120620n 000 0 eng u
020 _a9251043760
035 _a(Sirsi) a176563
050 _aS494.5.A45 B645 BOF 1999FT MEADLE
100 _aBoffa J.-m
245 _aAgroforestry Parkalands in Sub-Saharan Africa/
_c Boffa J.-M
260 _aRome:
_b Food and Agriculture Organization,
_c 1999
300 _axviii,230p.:b ill
504 _aincludes bibliographical references
999 _c117378
_d117378